Renewable energy sources (Record no. 115191)

MARC details
000 -LEADER
fixed length control field 01285cam a22003015a 4500
001 - CONTROL NUMBER
control field L158191
008 - FIXED-LENGTH DATA ELEMENTS--GENERAL INFORMATION
fixed length control field 131008s2014 xxk f 000 0 eng d
020 ## - INTERNATIONAL STANDARD BOOK NUMBER
International Standard Book Number 9781848063822
020 ## - INTERNATIONAL STANDARD BOOK NUMBER
International Standard Book Number 9781848063921
Qualifying information (4-part set)
035 ## - SYSTEM CONTROL NUMBER
System control number (Sirsi) u158191
041 0# - LANGUAGE CODE
Language code of text/sound track or separate title eng
100 1# - MAIN ENTRY--PERSONAL NAME
Personal name Holden, John
245 00 - TITLE STATEMENT
Title Renewable energy sources
Remainder of title How they work and what they deliver
Number of part/section of a work Part 1
Name of part/section of a work Photovoltaics
260 ## - PUBLICATION, DISTRIBUTION, ETC.
Place of publication, distribution, etc. Watford
Name of publisher, distributor, etc. BRE
Date of publication, distribution, etc. 2014
300 ## - PHYSICAL DESCRIPTION
Extent 8p.
Other physical details ill.
Dimensions 30cm.
490 #0 - SERIES STATEMENT
Series statement BRE Digest
Volume/sequential designation (DG 532-1)
520 ## - SUMMARY, ETC.
Summary, etc. Provides a basic understanding for people who have little or no prior knowledge of solar photovoltaics, and for engineers and architects who wish to know more about the technical details of photovoltaic modules. It includes an introduction to different types of solar photovoltaics, their properties, operating characteristics, annual energy performance, standards and certification. Cover also the components of PV systems and their purpose.
521 ## - TARGET AUDIENCE NOTE
Target audience note Advanced
590 ## - LOCAL NOTE (RLIN)
Local note KA
650 24 - SUBJECT ADDED ENTRY--TOPICAL TERM
Topical term or geographic name entry element Hybrid PV modules
650 24 - SUBJECT ADDED ENTRY--TOPICAL TERM
Topical term or geographic name entry element Building-integrated PV modules
650 24 - SUBJECT ADDED ENTRY--TOPICAL TERM
Topical term or geographic name entry element Amorphous thin film PV modules
650 24 - SUBJECT ADDED ENTRY--TOPICAL TERM
Topical term or geographic name entry element Crystalline silicon PV modules
651 #4 - SUBJECT ADDED ENTRY--GEOGRAPHIC NAME
Geographic name ENGLAND AND WALES
690 ## - LOCAL SUBJECT ADDED ENTRY--TOPICAL TERM (OCLC, RLIN)
Topical term or geographic name as entry element Renewables
9 (RLIN) 6265
690 ## - LOCAL SUBJECT ADDED ENTRY--TOPICAL TERM (OCLC, RLIN)
Topical term or geographic name as entry element ENERGY
9 (RLIN) 6237
942 ## - ADDED ENTRY ELEMENTS (KOHA)
Suppress in OPAC 0
Holdings
Withdrawn status Lost status Source of classification or shelving scheme Damaged status Not for loan Home library Current library Shelving location Date acquired Total Checkouts Full call number Barcode Date last seen Copy number Price effective from Koha item type
    Dewey Decimal Classification     London London BRE publications 09/10/2014   BRE 30075308 06/08/2019 1 06/08/2019 Book